Missing Word: Films Set in Classical Antiquity Quiz Stats

Quiz Updated Aug 22, 2017

Challenge
Share
Tweet
Embed
Score 0/17 Timer 05:00
0 Plays Today
Title Missing Word % Correct
Ben-____Hur
97.6%
Clash of the ____Titans
95.3%
The Ten ____Commandments
94.6%
The Fall of the ____ EmpireRoman
94.2%
Julius ____Caesar
92.4%
Monty Python's ____ of BrianLife
92.2%
History of the ____, Part IWorld
88.6%
The ____ TestamentOld
80.1%
The ____ of the ChristPassion
78.1%
Title Missing Word % Correct
A Funny Thing Happened on the Way to the ____Forum
72%
____ the GreatAlexander
71.5%
The Last ____ of PompeiiDays
70%
____ VadisQuo
63%
The ____ LegionLast
46.1%
300: ____ of an EmpireRise
46%
The Sign of the ____Cross
38.9%
The Trojan ____Women
12%

Today's Daily Dose

Missing Word
Law Misconceptions

Word Ladder
Easy Math

On This Day
January 20th

You're not logged in!

Compare scores with friends on all Sporcle quizzes.
Sign Up with Email
OR
Log In

You Might Also Like...

Show Comments

Extras

Top Quizzes Today


Score Distribution

Your Account Isn't Verified!

In order to create a playlist on Sporcle, you need to verify the email address you used during registration. Go to your Sporcle Settings to finish the process.